El nuevo proceso contencioso administrativo de la provincia de Buenos Aires /
Guardado en:
| Otros Autores: | , , , , , , , , , , , , , |
|---|---|
| Formato: | Libro |
| Idioma: | Spanish |
| Publicado: |
La Plata :
Librería Editora Platense,
2004
|
| Edición: | 2a. ed. act. y amp. |
| Materias: | |
| Etiquetas: |
Agregar Etiqueta
Sin Etiquetas, Sea el primero en etiquetar este registro!
|
| LEADER | 01218nam a22003375a 4500 | ||
|---|---|---|---|
| 001 | DER.der001312 | ||
| 008 | 180615s2004####ag#||||||||||||||#||spa|| | ||
| 005 | 20241105103148.0 | ||
| 245 | 1 | 0 | |a El nuevo proceso contencioso administrativo de la provincia de Buenos Aires / |c dirigido por Juan Carlos Cassagne, Agustín A. Gordillo ; coordinado por Carlos Alfredo Botassi. |
| 250 | |a 2a. ed. act. y amp. | ||
| 260 | |a La Plata : |b Librería Editora Platense, |c 2004 | ||
| 300 | |a 758 p. | ||
| 020 | |a 9505361688 | ||
| 700 | 1 | |a Cassagne, Juan Carlos, |e dir. | |
| 700 | 1 | |a Gordillo, Agustín A., |e dir. | |
| 700 | 1 | |a Botassi, Carlos Alfredo, |e coord. | |
| 700 | 1 | |a Comadira, Julio Rodolfo. | |
| 700 | 1 | |a D'Argenio, Inés Anunciada. | |
| 700 | 1 | |a Hutchinson, Tomás. | |
| 700 | 1 | |a Logar, Ana Cristina. | |
| 700 | 1 | |a Marafuschi, Miguel Angel. | |
| 700 | 1 | |a Milanta, Claudia A. M. | |
| 700 | 1 | |a Oroz, Miguel H. E. | |
| 700 | 1 | |a Ortiz, Ricardo Miguel. | |
| 700 | 1 | |a Perrino, Pablo Esteban. | |
| 700 | 1 | |a Richero, María Julia. | |
| 700 | 1 | |a Salaberren, Roberto A. | |
| 700 | 1 | |a Soria, Daniel Fernando. | |
| 700 | 1 | |a Tribiño, Carlos R. | |
| 650 | 7 | |a DERECHO ADMINISTRATIVO | |
| 859 | |a DERECHO |b BIB. DERECHO |h 347.05 |i CAS |p 003368 | ||
